书目信息 |
| 题名: |
雷电颂
|
|
| 作者: | 石慰慈 , 凌鹤 编剧 | |
| 分册: | ||
| 出版信息: | 北京 中国戏剧出版社 1982 |
|
| 页数: | 117页 | |
| 开本: | 19cm | |
| 丛书名: | ||
| 单 册: | ||
| 中图分类: | I234.7 | |
| 科图分类: | ||
| 主题词: | 剧本-话剧--中国--现代 , 话剧-剧本--中国--现代 | |
| 电子资源: | ||
| ISBN: | ||
| 000 | 00673nam0 2200253 45 | |
| 001 | 0182009085 | |
| 005 | 20060802081835.67 | |
| 010 | @d¥0.32 | |
| 091 | @aCN@b101188.436 | |
| 100 | @a19950310d1982 em y0chiy0121 ea | |
| 101 | 0 | @achi |
| 102 | @aCN@b110000 | |
| 105 | @ay z 000by | |
| 200 | 10 | @a雷电颂@Alei dian song@e八场话剧@f凌鹤, 石慰慈编剧 |
| 210 | @a北京@c中国戏剧出版社@d1982 | |
| 215 | @a117页@d19cm | |
| 606 | @a剧本-话剧@y中国@z现代 | |
| 606 | @a话剧-剧本@y中国@z现代 | |
| 690 | @aI234.7@v3 | |
| 701 | 0 | @a石慰慈@Ashi wei ci@4编剧 |
| 701 | 0 | @a凌鹤@Aling he@4编剧 |
| 801 | 2 | @aCN@bNLC@c20060802 |
| 801 | 0 | @aCN@bTSSF |
| 905 | @a10447@dI234.7@e136 | |
| 雷电颂:八场话剧/凌鹤, 石慰慈编剧.-北京:中国戏剧出版社,1982 |
| 117页;19cm |
| ISBN :¥0.32 |
| ● |
| 相关链接 |
|
|
|
|
正题名:雷电颂
索取号:I234.7/136
 
预约/预借
| 序号 | 登录号 | 条形码 | 馆藏地/架位号 | 状态 | 备注 |
| 1 | 0443429 | 204434291 | 密集书库/ [索取号:I234.7/136] | 在馆 | |
| 2 | 0443430 | 204434308 | 密集书库/ [索取号:I234.7/136] | 在馆 | |
| 3 | 0443431 | 204434317 | 密集书库/ [索取号:I234.7/136] | 在馆 |